000
00322nam a2200145Ia 4500
100
_a
Gupta M.L
650
_a
Electrical Engineering
942
_c
BK
654
_a
Electrical
245
_a
Elementary Electrical Engineering
260
_b
New Heights
_a
New Delhi
_c
1993
300
_a
622
546
_a
HINDI
999
_c
26162
_d
26162